The least developed countries report 2013: growth with employment for sustainable development (Record no. 82152)

MARC details
000 -LEADER
fixed length control field 01163nam a2200193 a 4500
008 - FIXED-LENGTH DATA ELEMENTS--GENERAL INFORMATION
fixed length control field 140429s2013 ||||||||||||||||| || u
050 ## - LIBRARY OF CONGRESS CALL NUMBER
Classification number UNCTAD(058)LDCR/2013A
110 ## - MAIN ENTRY--CORPORATE NAME
Corporate name or jurisdiction name as entry element United Nations Conference on Trade and Development (UNCTAD)
245 14 - TITLE STATEMENT
Title The least developed countries report 2013: growth with employment for sustainable development
Statement of responsibility, etc. by United Nations Conference on Trade and Development
260 ## - PUBLICATION, DISTRIBUTION, ETC.
Place of publication, distribution, etc. New York:
Name of publisher, distributor, etc. United Nations Conference on Trade and Development (UNCTAD)
Date of publication, distribution, etc. 2013
300 ## - PHYSICAL DESCRIPTION
Extent 24p.
650 ## - SUBJECT ADDED ENTRY--TOPICAL TERM
Topical term or geographic name entry element SUSTAINABLE DEVELOPMENT--CASE STUDIES
650 #0 - SUBJECT ADDED ENTRY--TOPICAL TERM
Topical term or geographic name entry element SUSTAINABLE DEVELOPMENT
650 ## - SUBJECT ADDED ENTRY--TOPICAL TERM
Topical term or geographic name entry element LEAST DEVELOPED COUNTRIES
650 ## - SUBJECT ADDED ENTRY--TOPICAL TERM
Topical term or geographic name entry element LEAST DEVELOPED COUNTRIES -- ECONOMIC CONDITIONS
995 ## -
-- SPECIAL COLLECTIONS
-- 1273
-- CBU-MAIN LIBRARY (Kitwe)
-- UNCTAD(058)LCDR/2013C
-- 3
-- AVAILABLE
-- Apr 29, 2014
-- B1273
-- International Publications
995 ## -
-- SPECIAL COLLECTIONS
-- 1274
-- CBU-MAIN LIBRARY (Kitwe)
-- UNCTAD(058)LCDR/2013A
-- 1
-- AVAILABLE
-- Apr 29, 2014
-- B1274
-- International Publications
995 ## -
-- SPECIAL COLLECTIONS
-- 1598
-- CBU-MAIN LIBRARY (Kitwe)
-- UNCTAD(058)LDCR/2013B
-- 2
-- AVAILABLE
-- Sep 9, 2014
-- B1598
-- International Publications
999 ## -
-- 82152
-- 82152

No items available.